000 01060nam a22003377a 4500
003 CHAP
005 20220329134939.0
008 971013s1980 r 00010 d
010 _a28522
011 _a29494
035 _a33605
040 _cCHAP
082 _a633.34
_bK6
100 0 0 _aKogan, Marcos.
_963624
245 _aSampling methods in soybean entomology
260 _aNew York :
_bSpringer-Verlag,
_c1980
300 _a587 p.
_b: ilus. ; gráfs.
590 _aBATCH-UPD
_b10
_c20130109
_lUCH01
_h2341
590 _aBATCH-UPD
_b10
_c20130110
_lUCH01
_h0320
590 _aBATCH-UPD
_b10
_c20130110
_lUCH01
_h1843
590 _aBATCH-UPD
_b10
_c20130409
_lUCH01
_h1910
590 _aBATCH-UPD
_b10
_c20130914
_lUCH01
_h1040
590 _aCONVERSION
_b10
_c20130109
_lUCH01
_h1316
650 1 4 _aControl de plagas.
_927595
650 1 4 _aEntomología económica.
_937145
650 1 4 _aSoya
_xPlagas.
_9109077
700 0 _aHerzog, Donald C.
_955028
901 _aBK
942 _cLIBRO
949 _a633.34 K6
_bBC
_cLIBRO
_d33724000607362
_eLIBRO
_h52138
_i33605
_si
999 _c28522
_d28522